La edición y la librería ante los cambios tecnológicos /
El Foro Internacional de Editores y Profesionales del Libro, es un espacio de reflexión para profesionales de la industria editorial y para actores involucrados en las políticas públicas del libro, la lectura y la edición, donde se discuten tendencias, problemáticas y propuestas exitosas en la caden...
Gespeichert in:
| Körperschaft: | |
|---|---|
| Weitere Verfasser: | |
| Format: | Tagungsbericht Buch |
| Sprache: | Spanisch |
| Veröffentlicht: |
Guadalajara, México : México :
Universidad de Guadalajara ; Cámara Nacional de la Industria Editorial Mexicana,
2010, c2010
|
| Schlagworte: | |
| Tags: |
Keine Tags, Fügen Sie das erste Tag hinzu!
|
MARC
| LEADER | 00000nam^a2200000^a^4500 | ||
|---|---|---|---|
| 001 | 000413894 | ||
| 005 | 20250521000000.0 | ||
| 009 | 20260526144044.884 | ||
| 020 | |a 978-607-450-303-6 | ||
| 037 | |a Acervo ITESO - Biblioteca | ||
| 041 | |a ESP | ||
| 082 | |a 302. 232 |b FOR 2009 | ||
| 111 | |a Foro Internacional de Editores y Profesionales del Libro ( |n 8° : |d 2009 : |c Feria Internacional del Libro de Guadalajara) | ||
| 245 | 1 | 3 | |a La edición y la librería ante los cambios tecnológicos / |c S. Wasserman... [et al.]. |
| 264 | 4 | |a Guadalajara, México : |b Universidad de Guadalajara ; |a México : |b Cámara Nacional de la Industria Editorial Mexicana, |c 2010, c2010 | |
| 300 | |a 103 p. | ||
| 336 | |a texto |b txt |2 rdacontenido | ||
| 337 | |a sin mediación |b n |2 rdamedio | ||
| 338 | |a volumen |b nc |2 rdasoporte | ||
| 520 | |a El Foro Internacional de Editores y Profesionales del Libro, es un espacio de reflexión para profesionales de la industria editorial y para actores involucrados en las políticas públicas del libro, la lectura y la edición, donde se discuten tendencias, problemáticas y propuestas exitosas en la cadena productiva editorial. En el octavo evento, realizado los días 28 y 29 de noviembre de 2009, "La edición y la librería ante los cambios tecnológicos", se analizaron diversas posiciones sobre cómo producir y comerciar libros en la era de la WEB 2.0 y los dispositivos de lectura de e-books. | ||
| 649 | |a XX | ||
| 650 | |a Libros Electrónicos - |x Tema Principal | ||
| 650 | |a Industria Editorial - |x Aspectos Tecnológicos - |x Tema Principal | ||
| 650 | |a Industria Editorial - |x Tema Principal | ||
| 650 | |a Industria Editorial - |x Congresos - |x Tema Principal | ||
| 650 | |a Industria Cultural - |x Aspectos Tecnológicos | ||
| 650 | |a Tecnología y Sociedad | ||
| 650 | |a Cultura - |x Aspectos Tecnológicos | ||
| 650 | |a Cultura | ||
| 650 | |a Bibliología | ||
| 700 | |a Wasserman, Steve |e (autor) | ||
| 910 | |a Fondo General | ||
| 920 | |a Impresos - Libros | ||
| 930 | |a Reserva Especial | ||
| 905 | |a 103 | ||
| 901 | |a 0500323211 |b IT1 |c REE |i C165676 |u 20250521 | ||
| 902 | |a https://opac.biblio.iteso.mx/vufind/Record/000413894 | ||